[Event "Titled Tuesday intern op 26th Sep Late"]
[Site "Chess.com INT"]
[Date "2023.09.26"]
[Round "4"]
[White "Tqebuchava, Zurab"]
[Black "Pein, Jonathan"]
[Result "1/2-1/2"]
[WhiteElo "2303"]
[BlackElo "2261"]
[PlyCount "160"]
[EventDate "2023.09.26"]
[EventType "swiss (blitz)"]
[EventRounds "11"]
[EventCountry "USA"]
[SourceTitle "EXT 2024"]
[Source "ChessBase"]
[SourceDate "2023.10.10"]
[SourceVersion "1"]
[SourceVersionDate "2023.10.10"]
[SourceQuality "1"]

1. e4 e5 2. Nf3 d6 3. c3 Nf6 4. d3 g6 5. h3 Bg7 6. Bg5 0-0 7. Bxf6 Qxf6 8. Be2 c6 9. 0-0 d5 10. Nbd2 Re8 11. Qa4 Nd7 12. Rfe1 Nc5 13. Qc2 Ne6 14. Bf1 Nf4 15. exd5 cxd5 16. c4 Bf5 17. cxd5 Nxd5 18. Ne4 Qb6 19. Qc5 Rad8 20. Qxb6 Nxb6 21. Nc5 Bc8 22. Rac1 Nd7 23. Ne4 Nf6 24. Rxc8 Rxc8 25. Nd6 Nd7 26. Nxe8 Rxe8 27. Rc1 Bf8 28. Rc7 Nc5 29. b4 Na6 30. Rxb7 Nxb4 31. a4 a6 32. Ng5 f6 33. Nxh7 Be7 34. Nxf6+ Bxf6 35. Rxb4 Rd8 36. Rb6 Kg7 37. Rxa6 Rb8 38. g3 Rb2 39. Ra7+ Kh6 40. a5 e4 41. a6 exd3 42. Bxd3 Rxf2 43. Kxf2 Bd4+ 44. Kf3 Bxa7 45. Be4 Kg5 46. Bd5 Kf6 47. Bb7 g5 48. Kg4 Kg6 49. h4 gxh4 50. gxh4 Kh6 51. h5 Kg7 52. Kg5 Kh8 53. Kg6 Bb8 54. h6 Ba7 55. h7 Bb8 56. Kh6 Ba7 57. Be4 Bb8 58. Kh5 Ba7 59. Kg4 Bb8 60. Kf5 Ba7 61. Ke6 Bg1 62. Kd7 Bf2 63. Kc7 Bg3+ 64. Kb7 Bf2 65. Kc6 Ba7 66. Kb7 Bg1 67. Kc6 Bf2 68. Kb7 Bg1 69. a7 Bxa7 70. Kxa7 Kg7 71. Kb7 Kh8 72. Kc6 Kg7 73. Kd7 Kh8 74. Ke6 Kg7 75. Kf5 Kh8 76. Kg5 Kg7 77. Kh5 Kh8 78. Bg6 Kg7 79. Kg5 Kh8 80. Bf7 Kxh7 1/2-1/2

[Event "Titled Tuesday intern op 26th Sep Late"]
[Site "Chess.com INT"]
[Date "2023.09.26"]
[Round "7"]
[White "Tqebuchava, Zurab"]
[Black "Sultanbek, Zeinep"]
[Result "0-1"]
[WhiteElo "2303"]
[BlackElo "2022"]
[PlyCount "72"]
[EventDate "2023.09.26"]
[EventType "swiss (blitz)"]
[EventRounds "11"]
[EventCountry "USA"]
[SourceTitle "EXT 2024"]
[Source "ChessBase"]
[SourceDate "2023.10.10"]
[SourceVersion "1"]
[SourceVersionDate "2023.10.10"]
[SourceQuality "1"]

1. e4 c5 2. Nf3 d6 3. Bb5+ Bd7 4. Bxd7+ Qxd7 5. c4 Nc6 6. 0-0 Nf6 7. Nc3 g6 8. d4 cxd4 9. Nxd4 Bg7 10. Nc2 0-0 11. h3 Rfc8 12. Be3 Na5 13. b3 b5 14. Nxb5 Nxe4 15. Bd4 e5 16. Bb2 Rab8 17. Qd5 Rxb5 18. Qxe4 Nxc4 19. bxc4 Rxb2 20. Ne3 Qc6 21. Qg4 f5 22. Qd1 Kh8 23. a4 f4 24. Nd5 Qxc4 25. Qg4 Rcb8 26. Rac1 Qxd5 27. Rc8+ Rxc8 28. Qxc8+ Qg8 29. Qc3 e4 30. Qc6 Qb3 31. Qe8+ Qg8 32. Qc6 e3 33. fxe3 fxe3 34. Qxd6 e2 35. Re1 Bc3 36. Kh2 h6 0-1

[Event "Titled Tuesday intern op 26th Sep Late"]
[Site "Chess.com INT"]
[Date "2023.09.26"]
[Round "9"]
[White "Wisniowski, Natalie"]
[Black "Tqebuchava, Zurab"]
[Result "0-1"]
[WhiteElo "1896"]
[BlackElo "2303"]
[PlyCount "56"]
[EventDate "2023.09.26"]
[EventType "swiss (blitz)"]
[EventRounds "11"]
[EventCountry "USA"]
[SourceTitle "EXT 2024"]
[Source "ChessBase"]
[SourceDate "2023.10.10"]
[SourceVersion "1"]
[SourceVersionDate "2023.10.10"]
[SourceQuality "1"]

1. d4 d5 2. c4 e6 3. Nc3 Nf6 4. Nf3 Be7 5. Bf4 Bd6 6. Bg3 Bxg3 7. hxg3 dxc4 8. e4 c6 9. Bxc4 Nbd7 10. 0-0 Nb6 11. Bb3 0-0 12. Re1 h6 13. Rc1 a5 14. Ne5 Re8 15. Nc4 Nxc4 16. Bxc4 Qb6 17. Bb3 Rd8 18. d5 cxd5 19. exd5 exd5 20. Re7 Be6 21. Na4 Qb4 22. Rcc7 Re8 23. Rxb7 Qd6 24. Rxe8+ Rxe8 25. Qc2 Rc8 26. Qd2 Qc6 27. Rb6 Qc1+ 28. Qxc1 Rxc1+ 0-1

[Event "Titled Tuesday intern op 12th Sep Late"]
[Site "Chess.com INT"]
[Date "2023.09.12"]
[Round "1"]
[White "Castella Garcia, Fausto"]
[Black "Tqebuchava, Zurab"]
[Result "1-0"]
[WhiteElo "2320"]
[BlackElo "2303"]
[PlyCount "55"]
[EventDate "2023.09.12"]
[EventType "swiss (blitz)"]
[EventRounds "11"]
[EventCountry "USA"]
[SourceTitle "EXT 2024"]
[Source "ChessBase"]
[SourceDate "2023.10.10"]
[SourceVersion "1"]
[SourceVersionDate "2023.10.10"]
[SourceQuality "1"]

1. e4 e5 2. Nf3 Nc6 3. Bb5 Be7 4. 0-0 d6 5. d4 exd4 6. Nxd4 Bd7 7. Nxc6 bxc6 8. Ba4 Nf6 9. Nc3 0-0 10. Re1 c5 11. Bxd7 Nxd7 12. Nd5 Nb6 13. Nxe7+ Qxe7 14. b3 a5 15. a4 c4 16. Bb2 cxb3 17. cxb3 Qe6 18. Re3 f6 19. Rc1 Rf7 20. f3 Rb8 21. Ba1 Na8 22. Rec3 c5 23. Rd3 Rb6 24. Qd2 Rxb3 25. Rxd6 Qe7 26. Rd8+ Rf8 27. Qd5+ Qf7 28. Rxf8+ 1-0

[Event "Titled Tuesday intern op 12th Sep Late"]
[Site "Chess.com INT"]
[Date "2023.09.12"]
[Round "3"]
[White "Jaskolka, Tomasz"]
[Black "Tqebuchava, Zurab"]
[Result "1-0"]
[WhiteElo "2228"]
[BlackElo "2303"]
[PlyCount "49"]
[EventDate "2023.09.12"]
[EventType "swiss (blitz)"]
[EventRounds "11"]
[EventCountry "USA"]
[SourceTitle "EXT 2024"]
[Source "ChessBase"]
[SourceDate "2023.10.10"]
[SourceVersion "1"]
[SourceVersionDate "2023.10.10"]
[SourceQuality "1"]

1. e4 e5 2. Nf3 Nc6 3. Bc4 Be7 4. c3 d6 5. d4 exd4 6. cxd4 Nf6 7. Nc3 0-0 8. h3 Nxe4 9. Nxe4 d5 10. Bd3 dxe4 11. Bxe4 Nb4 12. 0-0 Nd5 13. Re1 Be6 14. Bd2 h6 15. Ne5 c6 16. Qh5 Nf6 17. Qf3 Qxd4 18. Bc3 Qc5 19. Bc2 Rfd8 20. Ng6 fxg6 21. Rxe6 Nd5 22. Bb3 Rf8 23. Qg3 Kh7 24. Qxg6+ Kh8 25. Qxg7# 1-0

[Event "Titled Tuesday intern op 05th Sep Early"]
[Site "Chess.com INT"]
[Date "2023.09.05"]
[Round "1"]
[White "Tqebuchava, Zurab"]
[Black "Chor, Kevin"]
[Result "0-1"]
[WhiteElo "2303"]
[BlackElo "1944"]
[PlyCount "106"]
[EventDate "2023.09.05"]
[EventType "swiss (blitz)"]
[EventRounds "11"]
[EventCountry "USA"]
[SourceTitle "EXT 2024"]
[Source "ChessBase"]
[SourceDate "2023.10.10"]
[SourceVersion "1"]
[SourceVersionDate "2023.10.10"]
[SourceQuality "1"]

1. e4 c5 2. Nf3 Nc6 3. Bb5 Qb6 4. Bxc6 Qxc6 5. Nc3 d6 6. h3 Nf6 7. d3 g6 8. 0-0 Bg7 9. Bg5 h6 10. Bxf6 Bxf6 11. Qd2 Bg7 12. Rad1 0-0 13. Nd5 Re8 14. c3 Be6 15. c4 Bd7 16. b3 e6 17. Ne3 f5 18. exf5 gxf5 19. d4 cxd4 20. Nxd4 Qe4 21. Rfe1 Qf4 22. Ne2 Qg5 23. Qxd6 Rad8 24. Qf4 e5 25. Qxg5 hxg5 26. Rd6 f4 27. Nd5 Bc6 28. Rxd8 Rxd8 29. Nec3 Kf7 30. f3 Bf8 31. Rxe5 Bc5+ 32. Kf1 Kg6 33. Ke2 Bd4 34. Re7 b5 35. Re6+ Kf5 36. Rxc6 b4 37. Nb5 Be5 38. Ra6 Re8 39. Kd3 Bb8 40. Rf6+ Ke5 41. Rg6 Kf5 42. Rg7 Rd8 43. Rf7+ Kg6 44. Rb7 Kh5 45. Rf7 a6 46. Nd4 Kh4 47. Nf5+ Kh5 48. Nfe7 Kh4 49. Ke2 Re8 50. Kf1 Kg3 51. Nf5+ Kh2 52. Rg7 Be5 53. Re7 Rf8 0-1

[Event "Titled Tuesday intern op 05th Sep Early"]
[Site "Chess.com INT"]
[Date "2023.09.05"]
[Round "4"]
[White "Tqebuchava, Zurab"]
[Black "Vaibhav, Jayant Raut"]
[Result "0-1"]
[WhiteElo "2303"]
[BlackElo "2081"]
[PlyCount "94"]
[EventDate "2023.09.05"]
[EventType "swiss (blitz)"]
[EventRounds "11"]
[EventCountry "USA"]
[SourceTitle "EXT 2024"]
[Source "ChessBase"]
[SourceDate "2023.10.10"]
[SourceVersion "1"]
[SourceVersionDate "2023.10.10"]
[SourceQuality "1"]

1. e4 c5 2. Nf3 d6 3. Bb5+ Bd7 4. Bxd7+ Nxd7 5. 0-0 Ngf6 6. Re1 e5 7. c3 Be7 8. d4 cxd4 9. cxd4 0-0 10. Bg5 h6 11. Bh4 Re8 12. dxe5 Nxe5 13. Nxe5 dxe5 14. Bxf6 Bxf6 15. Nc3 Be7 16. Qxd8 Rexd8 17. Nd5 Bc5 18. Rac1 Bd4 19. b3 Kf8 20. Rc4 Rac8 21. Rec1 Rxc4 22. Rxc4 f5 23. Nc7 Kf7 24. exf5 Bb6 25. g3 Rd2 26. a4 Bxf2+ 27. Kg2 Bb6+ 28. Kh3 h5 29. Ne6 Bg1 30. Ng5+ Kf8 31. Nf3 Rd1 32. Nxg1 Rxg1 33. Rc7 e4 34. Rxb7 e3 35. Rb8+ Kf7 36. Rb7+ Kf6 37. Rxa7 e2 38. Ra6+ Kxf5 39. Ra5+ Ke4 40. Ra8 Kd3 41. Rd8+ Kc2 42. Re8 e1Q 43. Rxe1 Rxe1 44. b4 Re4 45. a5 Rxb4 46. a6 Ra4 47. a7 g5 0-1

[Event "Titled Tuesday intern op 29th Aug Late"]
[Site "Chess.com INT"]
[Date "2023.08.29"]
[Round "6"]
[White "Harish, Neeraj"]
[Black "Tqebuchava, Zurab"]
[Result "1-0"]
[WhiteElo "2040"]
[BlackElo "2303"]
[PlyCount "103"]
[EventDate "2023.08.29"]
[EventType "swiss (blitz)"]
[EventRounds "11"]
[EventCountry "USA"]
[SourceTitle "EXT 2024"]
[Source "ChessBase"]
[SourceDate "2023.10.10"]
[SourceVersion "1"]
[SourceVersionDate "2023.10.10"]
[SourceQuality "1"]

1. e4 e5 2. Nf3 Nc6 3. d4 exd4 4. Nxd4 d6 5. Nc3 Nf6 6. Bg5 Be7 7. Qd2 h6 8. Bh4 a6 9. 0-0-0 Nxd4 10. Qxd4 Be6 11. f4 0-0 12. f5 Bd7 13. Rg1 c5 14. Qd3 Bc6 15. g4 Nd7 16. Bxe7 Qxe7 17. Qxd6 Qxd6 18. Rxd6 Ne5 19. Nd5 Bxd5 20. Rxd5 Rfe8 21. Rxc5 Nf3 22. Rg3 Ne5 23. Bd3 Rad8 24. h3 Rd7 25. a4 b6 26. Rd5 a5 27. Bb5 Rxd5 28. exd5 Rd8 29. c4 f6 30. Kc2 Kf7 31. Kc3 Ke7 32. b4 axb4+ 33. Kxb4 Kd6 34. Ra3 Ra8 35. a5 Rxa5 36. Rxa5 bxa5+ 37. Kxa5 Kc5 38. Ka6 Nd3 39. Kb7 Kd6 40. Kc8 Nf2 41. Kd8 Nxh3 42. Ke8 Nf2 43. Kf7 Nxg4 44. Kxg7 h5 45. Ba4 h4 46. Bd1 Ne3 47. Bf3 Nxf5+ 48. Kxf6 Nd4 49. Bh1 h3 50. Kg5 h2 51. Kg4 Kc5 52. Kg3 1-0

[Event "Titled Tuesday intern op 15th Aug Late"]
[Site "Chess.com INT"]
[Date "2023.08.15"]
[Round "11"]
[White "Bhavikatti, Neil"]
[Black "Tqebuchava, Zurab"]
[Result "1-0"]
[WhiteElo "2051"]
[BlackElo "2303"]
[PlyCount "107"]
[EventDate "2023.08.15"]
[EventType "swiss (blitz)"]
[EventRounds "11"]
[EventCountry "USA"]
[SourceTitle "EXT 2024"]
[Source "ChessBase"]
[SourceDate "2023.10.10"]
[SourceVersion "1"]
[SourceVersionDate "2023.10.10"]
[SourceQuality "1"]

1. d4 d6 2. c4 g6 3. Nc3 Bg7 4. g3 Nc6 5. Nf3 Bg4 6. Be3 Bxf3 7. exf3 e5 8. d5 Nd4 9. Bxd4 exd4 10. Ne4 f5 11. Qa4+ Kf8 12. Nd2 Qe8+ 13. Qxe8+ Rxe8+ 14. Kd1 Nf6 15. Bd3 Nd7 16. Kc2 a5 17. b3 Nc5 18. a3 Kf7 19. b4 axb4 20. axb4 Na6 21. Rhb1 h5 22. h4 f4 23. Ne4 fxg3 24. fxg3 Bf6 25. b5 Nc5 26. Nxc5 dxc5 27. Ra7 Rb8 28. b6 Rhc8 29. Be4 Bd8 30. bxc7 Rxc7 31. Rb6 Bf6 32. d6 Rd7 33. Bd5+ Kg7 34. Be6 Rdd8 35. Rbxb7+ Rxb7 36. Rxb7+ Kh6 37. d7 Be7 38. Kd3 Kg7 39. Ke4 Kf6 40. Bd5 Bd6 41. g4 hxg4 42. fxg4 Kg7 43. Be6 Be7 44. Rc7 Bxh4 45. Rxc5 Kf6 46. Rc6 Ke7 47. Kxd4 Bf6+ 48. Kd5 g5 49. Ra6 Bc3 50. c5 Bd2 51. c6 Bf4 52. Ra7 Be3 53. Rb7 Ra8 54. d8Q+ 1-0

[Event "Titled Tuesday intern op 15th Aug Early"]
[Site "Chess.com INT"]
[Date "2023.08.15"]
[Round "4"]
[White "Tqebuchava, Zurab"]
[Black "Polaczek, Richard"]
[Result "0-1"]
[WhiteElo "2303"]
[BlackElo "2302"]
[PlyCount "94"]
[EventDate "2023.08.15"]
[EventType "swiss (blitz)"]
[EventRounds "11"]
[EventCountry "USA"]
[SourceTitle "EXT 2024"]
[Source "ChessBase"]
[SourceDate "2023.10.10"]
[SourceVersion "1"]
[SourceVersionDate "2023.10.10"]
[SourceQuality "1"]

1. e4 Nf6 2. e5 Nd5 3. Nc3 Nxc3 4. dxc3 Nc6 5. Nf3 d6 6. exd6 cxd6 7. h3 g6 8. Be3 Bg7 9. Bc4 a6 10. 0-0 0-0 11. Qd2 e6 12. Bg5 Qc7 13. Bf4 e5 14. Be3 b5 15. Bd5 Bb7 16. Rad1 Rad8 17. Bg5 Rd7 18. h4 Nd8 19. Bxb7 Qxb7 20. Qd5 Qxd5 21. Rxd5 Ne6 22. Be3 Nc7 23. Rd2 f5 24. Rfd1 Ne8 25. Bc5 e4 26. Ng5 Be5 27. Bd4 Bf4 28. Be3 Be5 29. Ne6 Rff7 30. Nf4 Nf6 31. Bd4 Bxf4 32. Re2 Be5 33. Be3 f4 34. Bb6 h6 35. Kf1 g5 36. Kg1 Rg7 37. Rd5 Nxd5 38. Ba5 f3 39. gxf3 exf3 40. Re4 gxh4+ 41. Kf1 Bh2 42. Ke1 Nf6 43. Rd4 Be5 44. Rd3 Bf4 45. Rxf3 Rde7+ 46. Kd1 Nd5 47. Bd8 Rg1# 0-1

[Event "Titled Tuesday intern op 15th Aug Early"]
[Site "Chess.com INT"]
[Date "2023.08.15"]
[Round "6"]
[White "Tqebuchava, Zurab"]
[Black "Rian, Kapriaga"]
[Result "0-1"]
[WhiteElo "2303"]
[BlackElo "2089"]
[PlyCount "68"]
[EventDate "2023.08.15"]
[EventType "swiss (blitz)"]
[EventRounds "11"]
[EventCountry "USA"]
[SourceTitle "EXT 2024"]
[Source "ChessBase"]
[SourceDate "2023.10.10"]
[SourceVersion "1"]
[SourceVersionDate "2023.10.10"]
[SourceQuality "1"]

1. e4 c6 2. d4 d5 3. exd5 cxd5 4. Bd3 Nc6 5. c3 Nf6 6. h3 g6 7. Nf3 Bf5 8. 0-0 Bg7 9. Re1 0-0 10. Bf4 Bxd3 11. Qxd3 e6 12. Ne5 Nxe5 13. Bxe5 a6 14. Nd2 b5 15. a4 Qb6 16. axb5 axb5 17. Bxf6 Bxf6 18. Nb3 b4 19. Nc5 bxc3 20. bxc3 Rxa1 21. Rxa1 Rd8 22. Qf3 Bg7 23. h4 e5 24. Ra6 Qb1+ 25. Kh2 exd4 26. Ra7 Qb8+ 27. Kg1 Qxa7 28. cxd4 Bxd4 29. Nd3 Bg7 30. h5 d4 31. Qf4 Re8 32. h6 Qa1+ 33. Kh2 Qd1 34. Ne5 Bxe5 0-1